000 00736nam a22002297a 4500
005 20170124110137.0
010 _a156884
020 _c00.00
035 _a156884
037 _bCen Lib/Ret
040 _aDPL
_bEN
082 _a697.7
_bWAR
100 _aWarburton-Brown, D.
_932576
245 _aInduction heating practice :
_cby D.Warburton-Brown
_ba handbook on the high-frequency induction process for all concerned with engineering production /
260 _bOdhams Press
_c1956
_aLondon
270 _aLong Acre
_bLondon
300 _a191p. :
_c21cm(Hb)
_bill.
500 _aIncludes index
650 _aInduction heating
_932577
650 _aChauffage par induction
_932578
942 _2ddc
_cEN
_h697.7
_mWAR
999 _c131720
_d131720